Usagi Yojimbo 7: Gen's Story /

Usagi Yojimbo Book 3 collects full-length Usagi stories from issues #7 through #12 of the original Fantagraphics series, including "The Tower" (which introduces Usagi's traveling companion Spot the Wonder Lizard), "Return of the Blind Swordspig," "A Mother's Love,&...

Full description

Bibliographic Details
Corporate Author: Library Pass, LLC
Other Authors: Sakai, Stan (writer.)
Format: eBook
Language:English
Published: [United States] : Fantagraphics, 2022.
Subjects:
Online Access:Connect to this electronic book (First time users create your free account)

MARC

Tag First Indicator Second Indicator Subfields
LEADER 00000nmm a22000001a 4500
001 in00004607236
006 m|||||o||m||||||||
007 cr|cn |||uuuuu
008 221118s2022 xxu||||do|||| ||||||eng d
005 20221207212725.7
035 |a (TxWaIVM)IV90957FaUs 
040 |a TxWaIVM  |c TxWaIVM 
245 0 0 |a Usagi Yojimbo 7: Gen's Story /  |c powered by Library Pass. 
260 3 |a [United States] :  |b Fantagraphics,  |c 2022. 
300 |a 1 online resource. 
336 |a text  |b txt  |2 rdacontent 
337 |a computer  |b c  |2 rdamedia 
338 |a online resource  |b cr  |2 rdacarrier 
520 |a Usagi Yojimbo Book 3 collects full-length Usagi stories from issues #7 through #12 of the original Fantagraphics series, including "The Tower" (which introduces Usagi's traveling companion Spot the Wonder Lizard), "Return of the Blind Swordspig," "A Mother's Love," "Blade of the Gods," "The Shogun's Gift," and the hilarious Groo tribute "The Tea Cup," co-starring the amoral mercenary rhino Gen. ("Gen does what Gen does best!") Plus, the little-seen Usagi team-up with the Teenage Mutant Ninja Turtles, "Turtle Soup and Rabbit Stew," written and drawn by Sakai. A must-have for adventure lovers of all ages! 
521 |a 2 
538 |a Requires a valid library card and registration for new users. 
538 |a Mode of access: World Wide Web. 
538 |a System requirements: Flash 10.1 or higher, Windows XP and higher, Internet Explorer 7 and higher, Firefox 3.6 and higher, Google Chrome; Max OS 10.5 and higher, Safari 4 and higher. 
650 0 |a Animals 
655 7 |a Electronic books.  |2 local 
655 7 |a Animals  |2 gsafd 
650 0 |a Fantasy comic books, strips, etc. 
655 7 |a Fantasy comic books, strips, etc.  |2 gsafd 
650 0 |a Comic books, strips, etc. --Martial arts fiction 
655 7 |a Comic books, strips, etc. --Martial arts fiction  |2 gsafd 
650 0 |a Shonen 
655 7 |a Shonen  |2 gsafd 
700 1 |a Sakai, Stan.  |e writer. 
700 1 |a Sakai, Stan.  |e artist. 
710 2 |a Library Pass, LLC. 
856 4 0 |u http://proxy.library.tamu.edu/login?url=https://tamu.librarypass.com/product/fantagraphics.usagi.yojimbo.7.gens.story.english.10172022  |z Connect to this electronic book (First time users create your free account)  |t 0 
955 |a Comics Plus. 
999 f f |s 52a21e40-8a5b-4b8d-ab02-4d3d350c9ee3  |i 907c4b74-1912-4f9c-aac8-7cb68a3a682a  |t 0 
952 f f |a Texas A&M University  |b College Station  |c Electronic Resources  |d Available Online  |t 0  |h Library of Congress classification 
998 f f |t 0  |l Available Online